00457 2200181 4500001002100000005001500021008004100036020002200077035001900099041000700118082001000125090001600135100002000151245003500171260003000206300001900236650002000255INLIS00000000001523720241224114909241224||||||||| | ||| |||| || |  a978-979-027-281-1 0010-1224015237 aid0 a610.3 a610.3 PIP k0 aPipih Asropudin00aKamus KESEHATAN DAN LINGKUNGAN aBandungbTitan Ilmuc2013 a116hlm;15x21cm 0aIlmu Kedokteran